000 00301nam a2200133 i 4500
001 bg
100 1 _aVIOLLET, Pierre
245 0 _aLa pollution de l'air /
_cPierre Viollet.
260 _aParis,
_c1975.
040 _cBPK
041 _apol
942 _cKS
008 s pl f |000 0 pol
999 _c27295
_d27295